000 00529nam a2200193Ia 4500
001 16198
008 141216s1925 ii a g b000 u 465 u
082 _a576
100 _aPerrier, Edmond .
245 0 _aThe Earth before History /
_cEdmond Perrier.
_hTextual Documents
250 _a1st ed. /
260 _aLondon :
_bKegan Paul, Trench, Trubner & Co. Ltd. ,
_c1925.
300 _axxii,345p. :
_bill ;
_c24cm .
504 _aIndex
653 _aBiology
653 _aEvolution-Man
653 _aG-Biology
942 _2ddc
_cBK
999 _c16180
_d16180